<?xml version="1.0" encoding="UTF-8"?>
<record
    xmlns:xsi="http://www.w3.org/2001/XMLSchema-instance"
    xsi:schemaLocation="http://www.loc.gov/MARC21/slim http://www.loc.gov/standards/marcxml/schema/MARC21slim.xsd"
    xmlns="http://www.loc.gov/MARC21/slim">

  <leader>00850nam a22002297a 4500</leader>
  <controlfield tag="005">20170208161931.0</controlfield>
  <datafield tag="010" ind1=" " ind2=" ">
    <subfield code="a">1617EN  ENG-117019</subfield>
  </datafield>
  <datafield tag="020" ind1=" " ind2=" ">
    <subfield code="a">9788126556014</subfield>
    <subfield code="c">599.00</subfield>
  </datafield>
  <datafield tag="035" ind1=" " ind2=" ">
    <subfield code="a">B-653939-950</subfield>
  </datafield>
  <datafield tag="035" ind1=" " ind2=" ">
    <subfield code="a">EN-100551</subfield>
  </datafield>
  <datafield tag="037" ind1=" " ind2=" ">
    <subfield code="b">ABC</subfield>
  </datafield>
  <datafield tag="037" ind1=" " ind2=" ">
    <subfield code="b">DBAD/PUB</subfield>
  </datafield>
  <datafield tag="082" ind1=" " ind2=" ">
    <subfield code="a">005133</subfield>
  </datafield>
  <datafield tag="100" ind1=" " ind2=" ">
    <subfield code="a">Dierbach, Charles</subfield>
  </datafield>
  <datafield tag="245" ind1=" " ind2=" ">
    <subfield code="a">Introduction to computer science using Python :</subfield>
    <subfield code="c">by Charles Dierbach</subfield>
    <subfield code="b">a computational problem solving focus /</subfield>
  </datafield>
  <datafield tag="260" ind1=" " ind2=" ">
    <subfield code="c">2015</subfield>
    <subfield code="a">New Delhi</subfield>
    <subfield code="b">John Wiley </subfield>
  </datafield>
  <datafield tag="270" ind1=" " ind2=" ">
    <subfield code="a">4435-36/7, Ansari Road,Daryaganj</subfield>
    <subfield code="b">New Delhi</subfield>
    <subfield code="e">110002</subfield>
  </datafield>
  <datafield tag="300" ind1=" " ind2=" ">
    <subfield code="c">24cm(pbk)</subfield>
    <subfield code="a">xxv,580p</subfield>
    <subfield code="b">ill.</subfield>
  </datafield>
  <datafield tag="500" ind1=" " ind2=" ">
    <subfield code="a">includes index</subfield>
  </datafield>
  <datafield tag="942" ind1=" " ind2=" ">
    <subfield code="c">EN</subfield>
    <subfield code="2">ddc</subfield>
    <subfield code="h">005.133</subfield>
    <subfield code="m">DIE</subfield>
  </datafield>
  <datafield tag="999" ind1=" " ind2=" ">
    <subfield code="c">101870</subfield>
    <subfield code="d">101870</subfield>
  </datafield>
  <datafield tag="952" ind1=" " ind2=" ">
    <subfield code="0">0</subfield>
    <subfield code="1">0</subfield>
    <subfield code="4">0</subfield>
    <subfield code="7">1</subfield>
    <subfield code="8">NFIC</subfield>
    <subfield code="a">DBAD</subfield>
    <subfield code="b">DBAD</subfield>
    <subfield code="d">2017-01-06</subfield>
    <subfield code="e">DBAD/PUB</subfield>
    <subfield code="g">599.00</subfield>
    <subfield code="l">0</subfield>
    <subfield code="o">005.133 DIE</subfield>
    <subfield code="p">EN-100551</subfield>
    <subfield code="r">2017-01-06 00:00:00</subfield>
    <subfield code="t">1</subfield>
    <subfield code="v">599.00</subfield>
    <subfield code="w">2017-01-06</subfield>
    <subfield code="y">EN</subfield>
  </datafield>
  <datafield tag="952" ind1=" " ind2=" ">
    <subfield code="0">0</subfield>
    <subfield code="1">0</subfield>
    <subfield code="4">0</subfield>
    <subfield code="7">0</subfield>
    <subfield code="8">NFIC</subfield>
    <subfield code="a">L</subfield>
    <subfield code="b">L</subfield>
    <subfield code="d">2017-02-08</subfield>
    <subfield code="e">BPPD/EN/2016-17/286/24.11.2016/4995/03.12.16/04.01.2017</subfield>
    <subfield code="g">599.00</subfield>
    <subfield code="l">48</subfield>
    <subfield code="m">26</subfield>
    <subfield code="o">005.133 DIE</subfield>
    <subfield code="p">B-653939</subfield>
    <subfield code="r">2025-07-24 00:00:00</subfield>
    <subfield code="s">2025-06-11</subfield>
    <subfield code="t">1</subfield>
    <subfield code="v">599.00</subfield>
    <subfield code="w">2017-02-08</subfield>
    <subfield code="y">EN</subfield>
  </datafield>
  <datafield tag="952" ind1=" " ind2=" ">
    <subfield code="0">0</subfield>
    <subfield code="1">0</subfield>
    <subfield code="4">0</subfield>
    <subfield code="7">0</subfield>
    <subfield code="8">NFIC</subfield>
    <subfield code="a">BL1</subfield>
    <subfield code="b">BL1</subfield>
    <subfield code="d">2017-02-08</subfield>
    <subfield code="e">BPPD/EN/2016-17/286/24.11.2016/4995/03.12.16/04.01.2017</subfield>
    <subfield code="g">599.00</subfield>
    <subfield code="l">21</subfield>
    <subfield code="m">17</subfield>
    <subfield code="o">005.133 DIE</subfield>
    <subfield code="p">B-653940</subfield>
    <subfield code="r">2025-01-04 00:00:00</subfield>
    <subfield code="s">2024-12-07</subfield>
    <subfield code="t">1</subfield>
    <subfield code="v">599.00</subfield>
    <subfield code="y">EN</subfield>
  </datafield>
  <datafield tag="952" ind1=" " ind2=" ">
    <subfield code="0">0</subfield>
    <subfield code="1">0</subfield>
    <subfield code="4">0</subfield>
    <subfield code="7">0</subfield>
    <subfield code="8">NFIC</subfield>
    <subfield code="a">KGM</subfield>
    <subfield code="b">KGM</subfield>
    <subfield code="d">2017-02-08</subfield>
    <subfield code="e">BPPD/EN/2016-17/286/24.11.2016/4995/03.12.16/04.01.2017</subfield>
    <subfield code="g">599.00</subfield>
    <subfield code="l">5</subfield>
    <subfield code="m">8</subfield>
    <subfield code="o">005.133 DIE</subfield>
    <subfield code="p">B-653941</subfield>
    <subfield code="r">2021-07-27 00:00:00</subfield>
    <subfield code="s">2021-07-03</subfield>
    <subfield code="t">1</subfield>
    <subfield code="v">599.00</subfield>
    <subfield code="y">EN</subfield>
  </datafield>
  <datafield tag="952" ind1=" " ind2=" ">
    <subfield code="0">0</subfield>
    <subfield code="1">0</subfield>
    <subfield code="4">0</subfield>
    <subfield code="7">0</subfield>
    <subfield code="8">NFIC</subfield>
    <subfield code="a">PR</subfield>
    <subfield code="b">PR</subfield>
    <subfield code="d">2017-02-08</subfield>
    <subfield code="e">BPPD/EN/2016-17/286/24.11.2016/4995/03.12.16/04.01.2017</subfield>
    <subfield code="g">599.00</subfield>
    <subfield code="l">0</subfield>
    <subfield code="o">005.133 DIE</subfield>
    <subfield code="p">B-653942</subfield>
    <subfield code="r">2017-02-08 00:00:00</subfield>
    <subfield code="t">1</subfield>
    <subfield code="v">599.00</subfield>
    <subfield code="y">EN</subfield>
  </datafield>
  <datafield tag="952" ind1=" " ind2=" ">
    <subfield code="0">0</subfield>
    <subfield code="1">0</subfield>
    <subfield code="4">0</subfield>
    <subfield code="7">0</subfield>
    <subfield code="8">NFIC</subfield>
    <subfield code="a">TN</subfield>
    <subfield code="b">TN</subfield>
    <subfield code="d">2017-02-08</subfield>
    <subfield code="e">BPPD/EN/2016-17/286/24.11.2016/4995/03.12.16/04.01.2017</subfield>
    <subfield code="g">599.00</subfield>
    <subfield code="l">8</subfield>
    <subfield code="m">8</subfield>
    <subfield code="o">005.133 DIE</subfield>
    <subfield code="p">B-653943</subfield>
    <subfield code="r">2022-04-16 00:00:00</subfield>
    <subfield code="s">2022-04-06</subfield>
    <subfield code="t">1</subfield>
    <subfield code="v">599.00</subfield>
    <subfield code="y">EN</subfield>
  </datafield>
  <datafield tag="952" ind1=" " ind2=" ">
    <subfield code="0">0</subfield>
    <subfield code="1">0</subfield>
    <subfield code="4">0</subfield>
    <subfield code="7">0</subfield>
    <subfield code="8">NFIC</subfield>
    <subfield code="a">CJ</subfield>
    <subfield code="b">CJ</subfield>
    <subfield code="d">2017-02-08</subfield>
    <subfield code="e">BPPD/EN/2016-17/286/24.11.2016/4995/03.12.16/04.01.2017</subfield>
    <subfield code="g">599.00</subfield>
    <subfield code="l">7</subfield>
    <subfield code="m">1</subfield>
    <subfield code="o">005.133 DIE</subfield>
    <subfield code="p">B-653944</subfield>
    <subfield code="r">2023-12-26 00:00:00</subfield>
    <subfield code="s">2023-12-12</subfield>
    <subfield code="t">1</subfield>
    <subfield code="v">599.00</subfield>
    <subfield code="y">EN</subfield>
  </datafield>
  <datafield tag="952" ind1=" " ind2=" ">
    <subfield code="0">0</subfield>
    <subfield code="1">0</subfield>
    <subfield code="4">0</subfield>
    <subfield code="7">0</subfield>
    <subfield code="8">NFIC</subfield>
    <subfield code="a">JP</subfield>
    <subfield code="b">JP</subfield>
    <subfield code="d">2017-02-08</subfield>
    <subfield code="e">BPPD/EN/2016-17/286/24.11.2016/4995/03.12.16/04.01.2017</subfield>
    <subfield code="g">599.00</subfield>
    <subfield code="l">25</subfield>
    <subfield code="m">12</subfield>
    <subfield code="o">005.133 DIE</subfield>
    <subfield code="p">B-653945</subfield>
    <subfield code="r">2026-07-04 11:35:16</subfield>
    <subfield code="s">2026-06-08</subfield>
    <subfield code="t">1</subfield>
    <subfield code="v">599.00</subfield>
    <subfield code="y">EN</subfield>
  </datafield>
  <datafield tag="952" ind1=" " ind2=" ">
    <subfield code="0">0</subfield>
    <subfield code="1">0</subfield>
    <subfield code="4">0</subfield>
    <subfield code="7">0</subfield>
    <subfield code="8">NFIC</subfield>
    <subfield code="a">ZLS</subfield>
    <subfield code="b">ZLS</subfield>
    <subfield code="d">2017-02-08</subfield>
    <subfield code="e">BPPD/EN/2016-17/286/24.11.2016/4995/03.12.16/04.01.2017</subfield>
    <subfield code="g">599.00</subfield>
    <subfield code="l">15</subfield>
    <subfield code="m">18</subfield>
    <subfield code="o">005.133 DIE</subfield>
    <subfield code="p">B-653946</subfield>
    <subfield code="r">2023-02-09 00:00:00</subfield>
    <subfield code="s">2023-01-18</subfield>
    <subfield code="t">1</subfield>
    <subfield code="v">599.00</subfield>
    <subfield code="y">EN</subfield>
  </datafield>
  <datafield tag="952" ind1=" " ind2=" ">
    <subfield code="0">0</subfield>
    <subfield code="1">0</subfield>
    <subfield code="4">0</subfield>
    <subfield code="7">0</subfield>
    <subfield code="8">NFIC</subfield>
    <subfield code="a">BN</subfield>
    <subfield code="b">BN</subfield>
    <subfield code="d">2017-02-08</subfield>
    <subfield code="e">BPPD/EN/2016-17/286/24.11.2016/4995/03.12.16/04.01.2017</subfield>
    <subfield code="g">599.00</subfield>
    <subfield code="l">3</subfield>
    <subfield code="m">3</subfield>
    <subfield code="o">005.133 DIE</subfield>
    <subfield code="p">B-653947</subfield>
    <subfield code="r">2025-09-10 00:00:00</subfield>
    <subfield code="s">2021-11-15</subfield>
    <subfield code="t">1</subfield>
    <subfield code="v">599.00</subfield>
    <subfield code="y">EN</subfield>
  </datafield>
  <datafield tag="952" ind1=" " ind2=" ">
    <subfield code="0">0</subfield>
    <subfield code="1">0</subfield>
    <subfield code="4">0</subfield>
    <subfield code="7">0</subfield>
    <subfield code="8">NFIC</subfield>
    <subfield code="a">NR</subfield>
    <subfield code="b">NR</subfield>
    <subfield code="d">2017-02-08</subfield>
    <subfield code="e">BPPD/EN/2016-17/286/24.11.2016/4995/03.12.16/04.01.2017</subfield>
    <subfield code="g">599.00</subfield>
    <subfield code="l">2</subfield>
    <subfield code="o">005.133 DIE</subfield>
    <subfield code="p">B-653948</subfield>
    <subfield code="q">2026-07-16</subfield>
    <subfield code="r">2026-07-02 12:06:50</subfield>
    <subfield code="s">2026-07-02</subfield>
    <subfield code="t">1</subfield>
    <subfield code="v">599.00</subfield>
    <subfield code="y">EN</subfield>
  </datafield>
  <datafield tag="952" ind1=" " ind2=" ">
    <subfield code="0">0</subfield>
    <subfield code="1">0</subfield>
    <subfield code="4">0</subfield>
    <subfield code="7">0</subfield>
    <subfield code="8">NFIC</subfield>
    <subfield code="a">BN</subfield>
    <subfield code="b">BN</subfield>
    <subfield code="d">2017-02-08</subfield>
    <subfield code="e">BPPD/EN/2016-17/286/24.11.2016/4995/03.12.16/04.01.2017</subfield>
    <subfield code="g">599.00</subfield>
    <subfield code="l">5</subfield>
    <subfield code="m">0</subfield>
    <subfield code="o">005.133 DIE</subfield>
    <subfield code="p">B-653949</subfield>
    <subfield code="r">2024-04-29 00:00:00</subfield>
    <subfield code="s">2024-04-19</subfield>
    <subfield code="t">1</subfield>
    <subfield code="v">599.00</subfield>
    <subfield code="y">EN</subfield>
  </datafield>
  <datafield tag="952" ind1=" " ind2=" ">
    <subfield code="0">0</subfield>
    <subfield code="1">0</subfield>
    <subfield code="4">0</subfield>
    <subfield code="7">0</subfield>
    <subfield code="8">NFIC</subfield>
    <subfield code="a">BL4</subfield>
    <subfield code="b">BL4</subfield>
    <subfield code="d">2017-02-08</subfield>
    <subfield code="e">BPPD/EN/2016-17/286/24.11.2016/4995/03.12.16/04.01.2017</subfield>
    <subfield code="g">599.00</subfield>
    <subfield code="l">26</subfield>
    <subfield code="m">11</subfield>
    <subfield code="o">005.133 DIE</subfield>
    <subfield code="p">B-653950</subfield>
    <subfield code="r">2025-07-31 00:00:00</subfield>
    <subfield code="s">2025-06-30</subfield>
    <subfield code="t">1</subfield>
    <subfield code="v">599.00</subfield>
    <subfield code="y">EN</subfield>
  </datafield>
</record>
